000 01075nam a22002657a 4500
001 758
005 20230731080929.0
008 230706b cb ||||| |||| 00| 0 eng d
020 _a9780439978064
040 _aFISKH
_beng
_cFISKH
_dFISKH
050 _aPN6166
082 _a793.73
100 _aPilkey, Dav
245 _aThe all new captain underpants Extra crunchy book o' fun 2 :
_bComics, laffs, puzzles, stickers, flip-o-ramas, jokes, 'n' other cool stuff /
_cPilkey, Dav
260 _aLondon :
_bScholastic,
_c2002.
300 _a96 pages :
_billustrations,
_c20 cm.
490 _aCaptain underpants
505 _aO
520 _aLearn how to draw your favorite characters, tell cheesy jokes, and even make your own silly Captain Underpants story. Also includes a new comic-book adventure starring Captain Underpants, Super Diaper Baby, and the amazing Diaper Dog.
521 _a630
_bLexile
521 _aO
_bRaz-Plus
650 _aAdventure
_vactivities
_xgraphic novel
650 _acomedy
_vfiction
_xgraphic novel
942 _2ddc
_cBK
_n0
999 _c758
_d758